000 00256nam a2200097Ia 4500
001 687494
005 20250826161557.0
008 250824s9999 xx 000 0 und d
245 0 _aSONSUZA KADAR YAŞAMANIN YOLLARI
_cSALLY NİCHOLLS
260 _bTUDEM YAYINLARI
999 _c687494
_d687494